Методы решения геодезических задач на эллипсоиде

Podrobná bibliografie
Hlavní autor: Карякин В. А. Владимир Аркадьевич
Jazyk:ruština
Vydáno: Москва, Недра, 1990
Témata:
Médium: MixedMaterials Kniha
KOHA link:https://koha.lib.tpu.ru/cgi-bin/koha/opac-detail.pl?biblionumber=218628

MARC

LEADER 00000nam0a2200000 4500
001 218628
005 20231031194929.0
010 |a 5247008863 
020 |a RU  |b 90-17421 
035 |a (RuTPU)RU\TPU\book\238658 
090 |a 218628 
100 |a 20120623d1990 m a0rusy5003 ca 
101 0 |a rus 
102 |a RU 
105 |a a z 001zy 
200 1 |a Методы решения геодезических задач на эллипсоиде  |f В. А. Карякин 
210 |a Москва  |c Недра  |d 1990 
215 |a 156,[1] с.  |c ил.  |d 21 см 
320 |a Библиогр.: с. 155 (8 назв.) 
610 1 |a геодезия 
610 1 |a математические методы 
610 1 |a кривые 
610 1 |a эллипсоиды 
610 1 |a геодезические задачи 
675 |a 528.23  |z rus 
700 1 |a Карякин  |b В. А.  |g Владимир Аркадьевич  |4 070 
801 0 |a RU  |b RuMRKP  |c 19950417  |g psbo 
801 1 |a RU  |b 63413507  |c 20120623 
801 2 |a RU  |b 63413507  |c 20121123  |g RCR 
942 |c BK